Vybrané aspekty politickej transformácie ukrajinskej spoločnosti

Politická transformácia a analýza zmien politického systému Ukrajiny. Niektoré vnútorné aspekty prechodu a ich vplyv na proces demokratickej konsolidácie. Inštitucionálne prvky konsolidácie politického systému a správanie politickej elity Ukrajiny.

Salvato in:
Dettagli Bibliografici
Autore principale: Zubro, Tetyana, 1975-
Natura: Capitolo di libro
Lingua:slovacco
Soggetti:
Tags: Aggiungi Tag
Nessun Tag, puoi essere il primo ad aggiungerne!!

MARC

LEADER 00000nla a2200000 4500
001 0213572
005 20240502073550.1
041 0 |a slo 
044 |a SK 
245 1 0 |a Vybrané aspekty politickej transformácie ukrajinskej spoločnosti  |c Tetyana Zubro 
520 |a Politická transformácia a analýza zmien politického systému Ukrajiny. Niektoré vnútorné aspekty prechodu a ich vplyv na proces demokratickej konsolidácie. Inštitucionálne prvky konsolidácie politického systému a správanie politickej elity Ukrajiny. 
610 2 0 |a Ukrajina 
610 2 0 |a demokratizácia 
610 2 0 |a transformácia 
610 2 0 |a politika medzinárodná 
610 2 0 |a právo medzinárodné 
610 2 0 |a vzťahy medzinárodné 
610 2 0 |a systémy politické 
100 1 |a Zubro, Tetyana, 1975-